| 000 | 01180nam a2200265 a 4500 | ||
|---|---|---|---|
| 001 | 000005974 | ||
| 005 | 20251120073731.0 | ||
| 008 | 090825s1987 dr 000 0 spa d | ||
| 040 |
_aDO-SdBNP _bspa _cBNPHU |
||
| 082 |
_a338.04 _bE55c |
||
| 245 | 0 | 3 |
_aEl empresario del Cibao y el futuro dominicano / _ceditor Ramón Pichardo. |
| 260 |
_aSantiago de los Caballeros, República Dominicana : _bPUCMM, _c1987. |
||
| 300 |
_a117 p. ; _c22 cm. |
||
| 490 | 1 | _aEstudios | |
| 500 | _aActa del seminario patrocinado por el Centro de Estudios y Servicios Empresariales (CEYSE) y la Cámara de Comercio, Agricultura e Industria de Santiago | ||
| 504 | _aBibliografía: p. 44-48 | ||
| 590 | _aInventariado, 2019/MFF | ||
| 651 | 4 |
_aRepública Dominicana _xComercio _vCONGRESOS Y CONFERENCIAS, ETC _916834 |
|
| 651 | 4 |
_aRepública Dominicana _xPolítica Comercial _vCONGRESOS Y CONFERENCIAS, ETC _916835 |
|
| 650 | 4 |
_aRepública dominicana _xPolítica economica _vCONGRESOS Y CONFERENCIAS, ETC _916836 |
|
| 700 | 1 |
_aPichardo, Ramón, _eed. _916837 |
|
| 710 | 2 |
_aPontificia Universidad Católica Madre y Maestra _9843 |
|
| 830 | 0 |
_aEstudios _93854 |
|
| 910 | _aValidado. Control de calidad MFF | ||
| 999 |
_c5770 _d5770 |
||